A life of William Shakespeare,

Saved in:
Bibliographic Details
Main Author: Adams, Joseph Quincy, 1881-1946
Format: Book
Language:English
Published: Boston, New York, Houghton Mifflin, 1923.
Subjects:
LEADER 00933nam a2200229 4500
001 c000333362
003 CARM
005 00000000000000.0
008 800107s1923 maubcef 00010beng d
019 1 |a 1605963  |z 25420569  |z 62982717  |5 LACONCORD2021 
035 |a (OCoLC)1070329  |5 LACONCORD2021 
040 |a Xerox 
050 0 0 |a PR2894  |b .A3 
100 1 |a Adams, Joseph Quincy,  |d 1881-1946. 
245 0 2 |a A life of William Shakespeare,  |c by Joseph Quincy Adams. 
260 |a Boston,  |a New York,  |b Houghton Mifflin,  |c 1923. 
300 |a xvi, [1], 560, [1] p.  |b front., plates, ports., map, plans, facsims. (part double)  |c 23 cm. 
600 1 0 |a Shakespeare, William,  |d 1564-1616  |x Biography. 
852 8 |b CARM  |h A1:AL38A0  |i A05332  |p 0466015  |f BK 
082 0 4 |a 822.33 
999 f f |i 2a2f8dfd-0e47-5c66-b2fc-c7c42ec82214  |s 17ca8a28-a090-5295-bb44-9218ba489499 
952 f f |p Can circulate  |a CAVAL  |b CAVAL  |c CAVAL  |d CARM 1 Store  |e A05332  |f A1:AL38A0  |h Other scheme  |i book  |m 0466015